Monumenti italiani - Morte Improvvisa - Statistics

Statistiche generali
  • Questo quiz è stato fatto 211 volte
  • Il punteggio medio è 5 su 8
Answers on the Grid
Answers color-coded by a green-red scale on the quiz's grid according to % correct below.
 
Statistiche sulle risposte
Risposta % Corretto
Duomo di Milano
(Milano, Italia)
95%
Mole Antonelliana
(Torino, Italia)
87%
Torre di Pisa
(Pisa, Italia)
85%
Castel del Monte
(Andria, Italia)
58%
Palazzo Vecchio
(Firenze, Italia)
56%
Fontana di Trevi
(Roma, Italia)
50%
Ponte di Rialto
(Venezia, Italia)
45%
Tempio della Concordia
(Agrigento, Italia)
32%
Nessun quiz corrispondente trovato
Distribuzione punteggi
Percentuale di utenti per punteggio
Percentile per numero di risposta
I tuoi punteggi nel tempo
Non hai fatto questo quiz